| 000 -LEADER |
| fixed length control field |
02554cam a2200361 a 4500 |
| 001 - CONTROL NUMBER |
| control field |
16190488 |
| 005 - DATE AND TIME OF LATEST TRANSACTION |
| control field |
20241007145028.0 |
| 008 - FIXED-LENGTH DATA ELEMENTS--GENERAL INFORMATION |
| fixed length control field |
100416s2010 enk b 001 0 eng d |
| 010 ## - LIBRARY OF CONGRESS CONTROL NUMBER |
| LC control number |
2010217932 |
| 020 ## - INTERNATIONAL STANDARD BOOK NUMBER |
| International Standard Book Number |
9780521762762 |
| 020 ## - INTERNATIONAL STANDARD BOOK NUMBER |
| International Standard Book Number |
0521762766 |
| 035 ## - SYSTEM CONTROL NUMBER |
| System control number |
(OCoLC)ocn351331783 |
| 040 ## - CATALOGING SOURCE |
| Original cataloging agency |
BTCTA |
| Transcribing agency |
BTCTA |
| Modifying agency |
YDXCP |
| -- |
BWK |
| -- |
SUC |
| -- |
NLGGC |
| -- |
RCJ |
| -- |
DLC |
| 042 ## - AUTHENTICATION CODE |
| Authentication code |
lccopycat |
| 050 00 - LIBRARY OF CONGRESS CALL NUMBER |
| Classification number |
K3240 |
| Item number |
.H8482 2010 |
| 082 ## - DEWEY DECIMAL CLASSIFICATION NUMBER |
| Classification number |
344.046 |
| Author Mark |
HUM |
| 245 00 - TITLE STATEMENT |
| Title |
Human rights and climate change / |
| Statement of responsibility, etc. |
edited by Stephen Humphreys ; with a foreword by Mary Robinson. |
| 260 ## - PUBLICATION, DISTRIBUTION, ETC. |
| Place of publication, distribution, etc. |
Cambridge ; |
| -- |
New York : |
| Name of publisher, distributor, etc. |
Cambridge University Press, |
| Date of publication, distribution, etc. |
c2010. |
| 300 ## - PHYSICAL DESCRIPTION |
| Extent |
xx, 348 p. ; |
| Dimensions |
24 cm. |
| 504 ## - BIBLIOGRAPHY, ETC. NOTE |
| Bibliography, etc. note |
Includes bibliographical references and index. |
| 505 00 - FORMATTED CONTENTS NOTE |
| Miscellaneous information |
Introduction: |
| Title |
Human rights and climate change / |
| Statement of responsibility |
Stephen Humphreys -- |
| Title |
Competing claims : human rights and climate harms / |
| Statement of responsibility |
Stephen Humphreys -- |
| Title |
Climate change, human rights and moral thresholds / |
| Statement of responsibility |
Simon Caney -- |
| Title |
Equitable utilization of the atmosphere : a rights-based approach to climate change? / |
| Statement of responsibility |
Dinah Shelton -- |
| Title |
Climate change, human rights and corporate accountability / |
| Statement of responsibility |
Peter Newell -- |
| Title |
Rethinking human rights : the impact of climate change on the dominant discourse / |
| Statement of responsibility |
Sam Adelman -- |
| Title |
The Kyoto Protocol and vulnerability : human rights and equity dimensions / |
| Statement of responsibility |
Philippe Cullet -- |
| Title |
Forests, climate change and human rights : managing risks and trade-offs / |
| Statement of responsibility |
Frances Seymour -- |
| Title |
Climate change and the right to the highest attainable standard of health / |
| Statement of responsibility |
Paul Hunt and Rajat Khosla -- |
| Title |
Human rights and vulnerability to climate change / |
| Statement of responsibility |
Jon Barnett -- |
| Title |
Climate change, evolution of disasters and inequality / |
| Statement of responsibility |
John C. Mutter and Kye Mesa Barnard -- |
| Title |
Conceiving justice : articulating common causes in distinct regimes / |
| Statement of responsibility |
Stephen Humphreys. |
| 650 #0 - SUBJECT ADDED ENTRY--TOPICAL TERM |
| Topical term or geographic name entry element |
Human rights. |
| 650 #0 - SUBJECT ADDED ENTRY--TOPICAL TERM |
| Topical term or geographic name entry element |
Climatic changes |
| General subdivision |
Law and legislation. |
| 9 (RLIN) |
126264 |
| 650 #0 - SUBJECT ADDED ENTRY--TOPICAL TERM |
| Topical term or geographic name entry element |
Global warming |
| General subdivision |
Law and legislation. |
| 9 (RLIN) |
126267 |
| 650 #0 - SUBJECT ADDED ENTRY--TOPICAL TERM |
| Topical term or geographic name entry element |
Climatic changes |
| General subdivision |
Political aspects |
| Geographic subdivision |
Developing countries. |
| 9 (RLIN) |
126268 |
| 700 1# - ADDED ENTRY--PERSONAL NAME |
| Personal name |
Humphreys, Stephen, |
| Dates associated with a name |
1971- |
| 9 (RLIN) |
126269 |
| 856 41 - ELECTRONIC LOCATION AND ACCESS |
| Materials specified |
Table of contents only |
| Uniform Resource Identifier |
<a href="http://www.loc.gov/catdir/enhancements/fy1009/2010217932-t.html">http://www.loc.gov/catdir/enhancements/fy1009/2010217932-t.html</a> |
| 856 42 - ELECTRONIC LOCATION AND ACCESS |
| Materials specified |
Publisher description |
| Uniform Resource Identifier |
<a href="http://www.loc.gov/catdir/enhancements/fy1009/2010217932-d.html">http://www.loc.gov/catdir/enhancements/fy1009/2010217932-d.html</a> |
| 856 42 - ELECTRONIC LOCATION AND ACCESS |
| Materials specified |
Contributor biographical information |
| Uniform Resource Identifier |
<a href="http://www.loc.gov/catdir/enhancements/fy1009/2010217932-b.html">http://www.loc.gov/catdir/enhancements/fy1009/2010217932-b.html</a> |
| 906 ## - LOCAL DATA ELEMENT F, LDF (RLIN) |
| a |
7 |
| b |
cbc |
| c |
copycat |
| d |
2 |
| e |
ncip |
| f |
20 |
| g |
y-gencatlg |
| 942 ## - ADDED ENTRY ELEMENTS (KOHA) |
| Source of classification or shelving scheme |
|
| Koha item type |
Book |